Francie

Česko-francúzsky obchod. Priame investície Francúzska v Českej republike. Životopis Jaquesa Chiraca. Francúzske spoločnosti v Čechách: Renault, Citroen, SGN- Réseau Eurisys. Orientácia na zákazníka a plán celkovej kontroly vo firme Renault. Predaj Citroenu na českom trhu. Český vývoz do Francúzska....

ver descrição completa

Na minha lista:
Detalhes bibliográficos
Formato: Capítulo de Livro
Idioma:tcheco
Assuntos:
Tags: Adicionar Tag
Sem tags, seja o primeiro a adicionar uma tag!

MARC

LEADER 00000naa a2200000 4500
001 r026093
005 20230920093638.7
041 0 |a cze 
044 |a CZ 
245 1 0 |a Francie 
520 |a Česko-francúzsky obchod. Priame investície Francúzska v Českej republike. Životopis Jaquesa Chiraca. Francúzske spoločnosti v Čechách: Renault, Citroen, SGN- Réseau Eurisys. Orientácia na zákazníka a plán celkovej kontroly vo firme Renault. Predaj Citroenu na českom trhu. Český vývoz do Francúzska. Francúzsko-česká obchodná komora. 
610 2 0 |a obchod zahraničný 
610 2 0 |a Česko 
610 2 0 |a Francúzsko 
610 2 0 |a firmy 
610 2 0 |a Renault 
610 2 0 |a Citroen 
610 2 0 |a SGN-Réseau Eurisys 
610 2 0 |a vývoz 
610 2 0 |a Francouzsko-česká obchodní komora Praha